La tercería de prelación o de mejor derecho y de preferencia para el pago
Uloženo v:
| Hlavní autor: | |
|---|---|
| Médium: | Kniha |
| Jazyk: | španělština |
| Vydáno: |
Santiago
Jurídica de Chile
1990
|
| Témata: | |
| Tagy: |
Přidat tag
Žádné tagy, Buďte první, kdo vytvoří štítek k tomuto záznamu!
|
MARC
| LEADER | 00000nam a2200000 a 4500 | ||
|---|---|---|---|
| 001 | UCV1424 | ||
| 003 | CL-VaPUC | ||
| 008 | 900612e19900000CL |||||||||||||||||spa|d | ||
| 082 | 0 | 4 | |a 347.07 |b NAV |2 21 |
| 100 | |a Navarrete Villegas, Luis Gonzalo |e autor |9 488745 | ||
| 245 | 1 | 3 | |a La tercería de prelación o de mejor derecho y de preferencia para el pago |
| 300 | |a 118 p | ||
| 942 | |c BK | ||
| 945 | |d 19900612 00:00:00 | ||
| 260 | |a Santiago |b Jurídica de Chile |c 1990 | ||
| 650 | 7 | |a TERCERIA |2 CL-VaPUC |9 256401 | |
| 651 | 7 | |a CHILE |2 CL-VaPUC |9 295684 | |
| 583 | |a last modification |c 19900612 00:00:00 |k Rodrigo Vera | ||
| 999 | |c 209382 |d 209380 | ||
| 952 | |0 0 |1 0 |4 0 |6 347_070000000000000_NAV_1990 |7 0 |8 A |9 184752 |a BIBDER |b BIBDER |d 2019-11-14 |i 2520699 |o 347.07 NAV 1990 |p 2520699 |r 2023-01-25 |w 2019-11-14 |y BK |k DER | ||